Регионална библиотека "Любен Каравелов" - Русе

Терапия на кожните болести (Запис номер 196699)

MARC детайли
000 -Лидер
Контролно поле с фиксирана дължина 02243nam a2200337 c 4500
003 - Код на организацията, давaща контролен номер
Контролно поле BLK
005 - Дата и час на последна редакция
Контролно поле 20180422120134.0
008 - Елементи от данни с фиксирана дължина
fixed length control field 180411b bul|||||r ||||||| ||bul||
010 ## - Наследен системен номер
LC control number KNG00205972000
040 ## - Източник на каталожния запис
Идентификатор на билиотеката - собственик на записа BLK
041 ## - Код за език
Код за езика на текст/звукозапис или на отделно заглавие Български
Код за езика КДБФ Български
080 ## - УДК
Текстов определител УДК Дерматология. Кожни болести
УДК код - определител по УДК 616.5
УДК определител -08(035)
УДК - код + определител 616.5-08(035)
100 1# - Редна дума - Автор
Автор Атанасов, Васил Симеонов
Авторска отговорност първи автор
R(LIN) 384755
139 ## - Редно поле
Редна дума Атанасов, Васил Симеонов и др.
Авторски знак Ат - А 93
245 10 - Сведения за заглавието
Заглавие Терапия на кожните болести
Подзаглавни данни Ръководство
Редно поле (дума) Васил Симеонов Атанасов; под ред. на Любен Боянов; под ред. на Никола Ботев Златков.
257 ## - Страна на издаване
Страна на създаване/издаване България
260 ## - Област на издателските данни
-- София
Име на издателя, разпространителя и проч. Медицина и физкултура
Година на издаване 1990
Печатница Варна : Ст. Добрев-Странджата
300 ## - Физическа характеристика
Страници 263 с.
Размери/Мащаб 23 см
380 ## - Жанр
Жанр Медицина
500 ## - Общи забележки
Забележка Други авт.: А. Н. Бонев, Л. С. Боянов, Н. А. Вецова, Д. А. Блашев, В. Вл. Горанов, Ив. Н. Диков, В. Д. Димитров, Д. Ив. Дограмаджиев, А. Л. Дурмишев, Н. Б. Златков, Е. Д. Иванов, Г. Ж. Караяшев, Н. И. Кирякова, К. Н. Константинов, А. Ив. Лалова, С. С. Марина, Б. Т. Мустаков, Е. Вл. Обрешкова, З. Й. Пенев, К. Д. Праматаров, Ст. Р. Рачева, Й. Кр. Савова, Г. Ив. Спиров, М. П. Станева-Стоянова, Ш. Г. Томов, М. Ст. Трашлиева-Койчева, Н. К. Цанков, Ц. Ив. Цанев, отбелязани на с. 5-6.- Предм. показалец
650 #4 - Допълнително описание по предмет – тема
Основно описание – тема или топоним Кожни болести - лечение
9 (RLIN) 316798
653 ## - Ключова дума – ненормативна
Ключова дума кожни болести
653 ## - Ключова дума – ненормативна
Ключова дума терапия
700 1# - Други автори (авторска отговорност)
Лично име Боянов, Любен
Автороска отговорност (Описва отношението между автора и произведението) под ред. на
9 (RLIN) 385609
700 1# - Други автори (авторска отговорност)
Лично име Златков, Никола Ботев
Автороска отговорност (Описва отношението между автора и произведението) под ред. на
9 (RLIN) 364347
852 ## - Местоположение
Форматна сигнатура Цб 164568
856 4# - Електронен адрес и достъп
Електронен формат pdf - файл
Път до файла /url/
856 4# - Електронен адрес и достъп
Електронен формат pdf - файл
Път до файла /url/
942 ## - АРТИКУЛИ
Вид на библиотечния материал Книги
Скрит в OPAC Не
944 ## - СЪЗДАВАНЕ И РЕДАКЦИЯ на ЗАПИСА
Създаване/Редакция Създаване
Дата на регистрацията/редакция 10.05.2017
Служител, извършил регистрацията/редакцията Христина_Везирева
944 ## - СЪЗДАВАНЕ И РЕДАКЦИЯ на ЗАПИСА
Създаване/Редакция Редакция
Дата на регистрацията/редакция 10.05.2017
Служител, извършил регистрацията/редакцията Христина_Везирева
999 ## - СИСТЕМНИ КОНТРОЛНИ НОМЕРА
Koha biblionumber 196699
Koha biblioitemnumber 196699
Наличности
Код за отписване Код за изгубен артикул Източник на класификационната схема Код за повреда Коз за рестрикции Код за отдаване Артикулен № Име на библиотеката - собственик Име на библиотеката, в която се намира в момента Статус (Текущо местоположение) Дата на вписване в системата Местоположение - отдел Цена в лева Инвентарен номер Систематично азбучна сигнатура Баркод Номер на екземпляра Цена в евро Служебна бележка Служебен тип на артикула
  Не е изгубен Universal Decimal Classification Не е повреден без рестрикции ползва се в читалня 342909 Регионална библиотека "Любен Каравелов" Русе Регионална библиотека "Любен Каравелов" Русе Хранилище 1990-01-01 Хранилище 3.51 540951 Цб 164568 120000540951 1 1.79 Дост: Dp Вид: Сф N: стар фонд Дата: 01.01.1990 Книги
Изтеглен Не е изгубен Universal Decimal Classification Не е повреден без рестрикции заемане за дома 342910 Регионална библиотека "Любен Каравелов" Русе Регионална библиотека "Любен Каравелов" Русе Заемна - подръчен фонд 1990-01-01 Заемна - подръчен фонд 0.90 634349 П 616.5/А 93 634349 2 0.46 Вид: Сф N: стар фонд Дата: 01.01.1990 Книги
Vip Innovations Ltd, Rousse, Bulgaria 2025